[Event "Edinburgh Premier"]
[Site "Edinburgh"]
[Date "2007.04.15"]
[Round "4"]
[White "McGowan, Daniel"]
[Black "Redpath, Joseph"]
[Result "1/2-1/2"]
[WhiteElo "2105"]
[BlackElo "2244"]
[PlyCount "63"]
[EventDate "2007.04.13"]
[EventType "swiss"]
[EventRounds "5"]
[EventCountry "SCO"]
[SourceTitle "EXT 2008"]
[Source "ChessBase"]
[SourceDate "2007.11.25"]
[SourceVersion "1"]
[SourceVersionDate "2007.11.25"]
[SourceQuality "1"]

1. e4 d6 2. d4 Nf6 3. Nc3 c6 4. Nf3 Bg4 5. Be2 e6 6. 0-0 d5 7. exd5 cxd5 8. Bf4 Nc6 9. Ne5 Bxe2 10. Nxe2 Qb6 11. b3 Be7 12. c4 dxc4 13. bxc4 Rd8 14. Rb1 Qa6 15. Nxc6 Qxc6 16. Qb3 Rd7 17. Rfd1 0-0 18. Rbc1 Qe4 19. Qe3 Rc8 20. Qxe4 Nxe4 21. Rd3 g5 22. Bg3 Nxg3 23. Nxg3 Rdc7 24. Rdc3 Bb4 25. R3c2 Ba3 26. Rb1 Rxc4 27. Rxc4 Rxc4 28. Rxb7 Rc1+ 29. Nf1 a5 30. Rb5 Bb4 31. Rxg5+ Kf8 32. a3 1/2-1/2

[Event "Edinburgh Premier"]
[Site "Edinburgh"]
[Date "2007.04.15"]
[Round "5"]
[White "Redpath, Joseph"]
[Black "Donohue, Tom"]
[Result "1-0"]
[WhiteElo "2244"]
[BlackElo "1799"]
[PlyCount "118"]
[EventDate "2007.04.13"]
[EventType "swiss"]
[EventRounds "5"]
[EventCountry "SCO"]
[SourceTitle "EXT 2008"]
[Source "ChessBase"]
[SourceDate "2007.11.25"]
[SourceVersion "1"]
[SourceVersionDate "2007.11.25"]
[SourceQuality "1"]

1. d4 Nf6 2. Nf3 e6 3. e3 c5 4. Bd3 b6 5. 0-0 Bb7 6. c4 cxd4 7. exd4 d5 8. Nc3 dxc4 9. Bxc4 Be7 10. Ne5 0-0 11. Re1 Nc6 12. Ba6 Qc8 13. Bxb7 Qxb7 14. Nxc6 Qxc6 15. d5 Qc4 16. dxe6 fxe6 17. Qe2 Qxe2 18. Rxe2 Kf7 19. Bg5 Rfe8 20. Rae1 Bb4 21. Bd2 Rad8 22. a3 Bf8 23. Nb5 Rd7 24. Bc3 Nd5 25. Be5 a5 26. Nd4 Bd6 27. Nf3 h6 28. Bxd6 Rxd6 29. g3 Rc8 30. Ne5+ Kf6 31. Kg2 b5 32. Ng4+ Kf7 33. Re4 Rc2 34. R1e2 Rxe2 35. Rxe2 Rd8 36. Ne5+ Kf6 37. Nc6 Rd6 38. Nxa5 b4 39. Nc4 Ra6 40. axb4 Ra4 41. Ne5 Rxb4 42. Nc6 Rc4 43. Ne5 Rb4 44. h4 h5 45. Nd7+ Kf7 46. Nc5 Rb6 47. Ne4 g6 48. Rc2 e5 49. Rc5 Ne7 50. Rc2 Nd5 51. Rd2 Nf6 52. Ng5+ Ke7 53. Re2 Nd7 54. Kf1 Nf6 55. Rc2 Ng4 56. Ke2 Nf6 57. f3 Nd5 58. Ne4 Nf6 59. Ng5 e4 1-0

[Event "Edinburgh Premier"]
[Site "Edinburgh"]
[Date "2006.03.31"]
[Round "1"]
[White "Green, Andrew"]
[Black "Redpath, Joseph"]
[Result "1/2-1/2"]
[WhiteElo "1908"]
[BlackElo "2253"]
[PlyCount "48"]
[EventDate "2006.03.31"]
[EventType "swiss"]
[EventRounds "5"]
[EventCountry "SCO"]
[SourceTitle "EXT 2023"]
[Source "ChessBase"]
[SourceDate "2022.10.05"]
[SourceVersion "1"]
[SourceVersionDate "2022.10.05"]
[SourceQuality "1"]

1. e4 d6 2. d4 Nf6 3. Bd3 Nc6 4. c3 e5 5. Ne2 d5 6. Bg5 Be7 7. Bxf6 Bxf6 8. dxe5 Nxe5 9. Bc2 dxe4 10. Qxd8+ Bxd8 11. Bxe4 0-0 12. 0-0 Re8 13. Nd2 Nc4 14. Nxc4 Rxe4 15. Nd4 Bf6 16. Rfe1 Rxe1+ 17. Rxe1 Bd7 18. Ne5 Re8 19. f4 Bxe5 20. fxe5 c5 21. Nf3 Bc6 22. Kf2 Rd8 23. Re2 Kf8 24. e6 fxe6 1/2-1/2

[Event "Grangemouth op"]
[Site "Grangemouth"]
[Date "2006.??.??"]
[Round "?"]
[White "Green, Andrew"]
[Black "Redpath, Joseph"]
[Result "0-1"]
[WhiteElo "1908"]
[BlackElo "2253"]
[PlyCount "48"]
[EventDate "2006.??.??"]
[EventType "swiss"]
[EventRounds "5"]
[EventCountry "SCO"]
[SourceTitle "EXT 2008"]
[Source "ChessBase"]
[SourceDate "2007.11.25"]
[SourceVersion "1"]
[SourceVersionDate "2007.11.25"]
[SourceQuality "1"]

1. e4 d6 2. d4 Nf6 3. Nc3 c6 4. Be3 Qb6 5. Qd2 Qxb2 6. Rb1 Qa3 7. Bg5 Nbd7 8. f4 h6 9. Bh4 e5 10. Nf3 exf4 11. e5 Ng4 12. Rb3 Qa5 13. Qxf4 g5 14. Bxg5 hxg5 15. Nxg5 Ndxe5 16. Be2 f6 17. Nge4 f5 18. Bxg4 Nxg4 19. Nxd6+ Bxd6 20. Qxd6 Rh6 21. Qf4 Be6 22. d5 Bxd5 23. Qxf5 Re6+ 24. Kd2 0-0-0 0-1

[Event "Glasgow op"]
[Site "Glasgow"]
[Date "2004.11.06"]
[Round "2"]
[White "Redpath, Joseph"]
[Black "MacArainn, Gordon"]
[Result "0-1"]
[WhiteElo "2205"]
[BlackElo "2050"]
[PlyCount "114"]
[EventDate "2004.11.05"]
[EventType "swiss"]
[EventRounds "5"]
[EventCountry "SCO"]
[SourceTitle "EXT 2006"]
[Source "ChessBase"]
[SourceDate "2005.11.24"]
[SourceVersion "1"]
[SourceVersionDate "2005.11.24"]
[SourceQuality "1"]

1. d4 d5 2. Nf3 Bf5 3. g3 e6 4. Bg2 Nf6 5. 0-0 c6 6. b3 Nbd7 7. Bb2 Bd6 8. Nbd2 0-0 9. c4 h6 10. Ne5 Qe7 11. e3 Bxe5 12. dxe5 Ng4 13. Nf3 Be4 14. Qd4 Bxf3 15. Bxf3 Ngxe5 16. Bg2 f6 17. Rad1 Nb6 18. f4 Nf7 19. Qd3 dxc4 20. bxc4 Rfd8 21. Qb3 Rxd1 22. Rxd1 Rd8 23. Rxd8+ Nxd8 24. Ba3 Qd7 25. Bc5 Nc8 26. Bd4 b6 27. c5 b5 28. f5 Qf7 29. fxe6 Nxe6 30. Qc3 Nxd4 31. exd4 Ne7 32. Be4 Qe6 33. Qf3 Qxa2 34. Bxc6 Qa1+ 35. Kg2 Qxd4 36. Bxb5 Qxc5 37. Qa8+ Kf7 38. Be8+ Ke6 39. Qe4+ Qe5 40. Qh7 f5 41. Kh3 Qd4 42. Bh5 a5 43. Qh8 Qa1 44. Bf3 a4 45. Qa8 g5 46. Qa6+ Kf7 47. Bh5+ Kg7 48. Qc4 g4+ 49. Kg2 Qb2+ 50. Kg1 Qb3 51. Qc7 Qd1+ 52. Kg2 Qe2+ 53. Kg1 Qe3+ 54. Kf1 a3 55. Qc4 Qf3+ 56. Kg1 Qd1+ 57. Kf2 Nd5 0-1

[Event "SCO-ch 111th"]
[Site "Hamilton"]
[Date "2004.07.18"]
[Round "9"]
[White "McNab, Colin Anderson"]
[Black "Redpath, Joseph"]
[Result "1-0"]
[WhiteElo "2427"]
[BlackElo "2219"]
[PlyCount "47"]
[EventDate "2004.07.10"]
[EventType "swiss"]
[EventRounds "9"]
[EventCountry "SCO"]
[SourceTitle "CBM 101 Extra"]
[Source "ChessBase"]
[SourceDate "2004.09.01"]
[SourceVersion "2"]
[SourceVersionDate "2004.09.01"]
[SourceQuality "1"]

1. Nf3 d5 2. g3 c6 3. Bg2 Nf6 4. b3 Bf5 5. Bb2 h6 6. d3 e6 7. Nbd2 Be7 8. 0-0 0-0 9. Re1 Nbd7 10. e4 Bh7 11. Qe2 b5 12. Kh1 Qb6 13. Ng1 a5 14. f4 a4 15. Rab1 axb3 16. axb3 Ra2 17. Ngf3 Rfa8 18. f5 exf5 19. exd5 Nxd5 20. c4 bxc4 21. bxc4 Rxb2 22. cxd5 Bf6 23. dxc6 Nf8 24. Nc4 1-0

[Event "SCO-ch 111th"]
[Site "Hamilton"]
[Date "2004.07.16"]
[Round "7"]
[White "Redpath, Joseph"]
[Black "Pritchett, Craig William"]
[Result "0-1"]
[WhiteElo "2219"]
[BlackElo "2284"]
[PlyCount "52"]
[EventDate "2004.07.10"]
[EventType "swiss"]
[EventRounds "9"]
[EventCountry "SCO"]
[SourceTitle "CBM 101 Extra"]
[Source "ChessBase"]
[SourceDate "2004.09.01"]
[SourceVersion "2"]
[SourceVersionDate "2004.09.01"]
[SourceQuality "1"]

1. d4 Nf6 2. Nf3 e6 3. e3 b6 4. Bd3 Bb7 5. 0-0 d5 6. b3 Bd6 7. Bb2 0-0 8. Nbd2 Nbd7 9. Ne5 c5 10. f4 cxd4 11. exd4 Ne4 12. Nxd7 Qxd7 13. Qe2 f5 14. g3 Bc6 15. Nf3 b5 16. a3 a5 17. Qe3 Qa7 18. Rfe1 Rad8 19. Rad1 b4 20. a4 Qb6 21. Nd2 h6 22. Nf3 Be8 23. Ne5 Bxe5 24. dxe5 d4 25. Qe2 Bc6 26. Bc4 Bb7 0-1

[Event "SCO-ch 111th"]
[Site "Hamilton"]
[Date "2004.07.10"]
[Round "1"]
[White "Motwani, Paul"]
[Black "Redpath, Joseph"]
[Result "1-0"]
[WhiteElo "2552"]
[BlackElo "2219"]
[PlyCount "83"]
[EventDate "2004.07.10"]
[EventType "swiss"]
[EventRounds "9"]
[EventCountry "SCO"]
[SourceTitle "CBM 101 Extra"]
[Source "ChessBase"]
[SourceDate "2004.09.01"]
[SourceVersion "2"]
[SourceVersionDate "2004.09.01"]
[SourceQuality "1"]

1. Nf3 Nf6 2. g3 d5 3. Bg2 c6 4. 0-0 Bf5 5. d3 e6 6. c4 dxc4 7. dxc4 Qxd1 8. Rxd1 Nbd7 9. Nc3 e5 10. b3 Bb4 11. Bb2 0-0 12. h3 h6 13. Nh4 Bh7 14. Ne4 Nxe4 15. Rxd7 Nc5 16. Rdd1 g5 17. Nf3 e4 18. Ne5 Bf5 19. Ng4 Bxg4 20. hxg4 e3 21. fxe3 Rfe8 22. a3 Ba5 23. Rd6 Bc7 24. Rxh6 Be5 25. Bxe5 Rxe5 26. b4 Ne4 27. Bxe4 Rxe4 28. Rh5 f6 29. Kf2 Rae8 30. Rah1 R4e7 31. Rh8+ Kf7 32. R1h7+ Kg6 33. Rh6+ Kg7 34. R8h7+ Kg8 35. Rxe7 Rxe7 36. Rxf6 Re4 37. c5 Rxg4 38. Rd6 Rc4 39. Rd8+ Kg7 40. Rd7+ Kf6 41. Rxb7 a5 42. Rb6 1-0

[Event "Hawick op"]
[Site "Hawick"]
[Date "2004.06.27"]
[Round "5"]
[White "Berry, Neil"]
[Black "Redpath, Joseph"]
[Result "1-0"]
[WhiteElo "2278"]
[BlackElo "2160"]
[PlyCount "27"]
[EventDate "2004.06.25"]
[EventType "swiss"]
[EventRounds "5"]
[EventCountry "SCO"]
[SourceTitle "EXT 2007"]
[Source "ChessBase"]
[SourceDate "2006.11.23"]
[SourceVersion "1"]
[SourceVersionDate "2006.11.23"]
[SourceQuality "1"]

1. d4 e6 2. c4 b6 3. e4 Bb7 4. Qc2 Bb4+ 5. Nd2 Nf6 6. Bd3 0-0 7. Ngf3 d5 8. cxd5 exd5 9. e5 Ne4 10. 0-0 f5 11. exf6 Nxf6 12. Ng5 Bd6 13. Bxh7+ Kh8 14. Ndf3 1-0

[Event "BCF-chT3 0304 (4NCL)"]
[Site "West Bromwich"]
[Date "2004.06.19"]
[Round "10.5"]
[White "Redpath, Joseph"]
[Black "Williamson, Kevin J"]
[Result "1-0"]
[WhiteElo "2210"]
[BlackElo "2069"]
[PlyCount "53"]
[EventDate "2003.11.23"]
[EventType "team"]
[EventRounds "11"]
[EventCountry "ENG"]
[SourceTitle "EXT 2005"]
[Source "ChessBase"]
[SourceDate "2004.11.15"]
[SourceVersion "1"]
[SourceVersionDate "2004.11.15"]
[SourceQuality "1"]
[WhiteTeam "Slough II"]
[BlackTeam "FCA Solutions"]
[WhiteTeamCountry "ENG"]
[BlackTeamCountry "ENG"]

1. d4 d6 2. e4 e5 3. c3 Be7 4. Bd3 Nf6 5. Ne2 0-0 6. Nd2 c6 7. 0-0 Bg4 8. f3 Be6 9. f4 exf4 10. Nxf4 Qb6 11. Nxe6 fxe6 12. Nc4 Qd8 13. Bf4 b5 14. Nxd6 Bxd6 15. Bxd6 Qxd6 16. e5 Qd5 17. exf6 gxf6 18. Qg4+ Kh8 19. Rae1 f5 20. Re5 Qd6 21. Qe2 Rf6 22. Re1 Rh6 23. Qe3 Kg7 24. Qxh6+ Kxh6 25. Rxe6+ Qxe6 26. Rxe6+ Kg5 27. Re8 1-0

[Event "BCF-chT4 0304 (4NCL)"]
[Site "West Bromwich "]
[Date "2004.05.31"]
[Round "9.2"]
[White "Redpath, Joseph"]
[Black "Truman, Richard G"]
[Result "1-0"]
[WhiteElo "2210"]
[BlackElo "2023"]
[PlyCount "55"]
[EventDate "2003.10.??"]
[EventType "team"]
[EventRounds "11"]
[EventCountry "ENG"]
[SourceTitle "EXT 2005"]
[Source "ChessBase"]
[SourceDate "2004.11.15"]
[SourceVersion "1"]
[SourceVersionDate "2004.11.15"]
[SourceQuality "1"]
[WhiteTeam "Slough III"]
[BlackTeam "Nottinghamshire"]
[WhiteTeamCountry "ENG"]
[BlackTeamCountry "ENG"]

1. d4 Nf6 2. Nf3 g6 3. Nc3 Bg7 4. e4 d6 5. Be3 Nc6 6. Bb5 0-0 7. 0-0 Bd7 8. d5 Nb8 9. Be2 b5 10. a3 c5 11. Nd2 a6 12. f4 e6 13. dxe6 fxe6 14. Bf3 Bc6 15. e5 Nd5 16. Nxd5 exd5 17. c3 Re8 18. Nb3 dxe5 19. fxe5 Rxe5 20. Bxc5 Nd7 21. Bd4 Rf5 22. Bxg7 Kxg7 23. Nd4 Qb6 24. Kh1 Re5 25. Bg4 Nc5 26. Qf3 Qc7 27. Qf6+ Kg8 28. Qxc6 1-0

[Event "BCF-chT3 0304 (4NCL)"]
[Site "West Bromwich"]
[Date "2004.01.25"]
[Round "4.1"]
[White "Briscoe, Christopher"]
[Black "Redpath, Joseph"]
[Result "1/2-1/2"]
[WhiteElo "2192"]
[BlackElo "2210"]
[PlyCount "48"]
[EventDate "2003.11.23"]
[EventType "team"]
[EventRounds "11"]
[EventCountry "ENG"]
[SourceTitle "EXT 2005"]
[Source "ChessBase"]
[SourceDate "2004.11.15"]
[SourceVersion "1"]
[SourceVersionDate "2004.11.15"]
[SourceQuality "1"]
[WhiteTeam "Guildford III"]
[BlackTeam "Slough II"]
[WhiteTeamCountry "ENG"]
[BlackTeamCountry "ENG"]

1. e4 g6 2. d4 Bg7 3. h3 d6 4. Be3 Nd7 5. Qd2 e5 6. dxe5 dxe5 7. Nc3 Ngf6 8. g4 c6 9. Be2 h5 10. g5 Nh7 11. Nf3 Nhf8 12. Bc4 Qe7 13. 0-0-0 Ne6 14. Bxe6 Qxe6 15. Bc5 b6 16. Ba3 Bb7 17. b3 0-0-0 18. Qe3 Nb8 19. Nd2 Ba6 20. h4 Kc7 21. Na4 Rd4 22. Bb2 Rd6 23. Bc3 Rhd8 24. Nb2 R6d7 1/2-1/2

[Event "Grangemouth op"]
[Site "Grangemouth"]
[Date "2003.09.??"]
[Round "1"]
[White "Campbell, Alistair WI"]
[Black "Redpath, Joseph"]
[Result "0-1"]
[WhiteElo "1848"]
[BlackElo "2160"]
[PlyCount "58"]
[EventDate "2003.09.??"]
[EventType "swiss"]
[EventRounds "5"]
[EventCountry "SCO"]
[SourceTitle "EXT 2006"]
[Source "ChessBase"]
[SourceDate "2005.11.24"]
[SourceVersion "1"]
[SourceVersionDate "2005.11.24"]
[SourceQuality "1"]

1. d4 g6 2. e4 Bg7 3. Nc3 d6 4. Be3 a6 5. Qd2 b5 6. f3 Nd7 7. 0-0-0 Bb7 8. g4 Rc8 9. Kb1 c5 10. h4 h5 11. g5 e6 12. Nh3 c4 13. Rh2 Ne7 14. Rf2 d5 15. Bg2 b4 16. Ne2 Qb6 17. Nc1 c3 18. Qe1 cxb2 19. Nb3 a5 20. Kxb2 a4 21. Nc1 0-0 22. Nf4 Rc3 23. Nfe2 Rxe3 24. Qd2 Rc3 25. Nxc3 bxc3+ 26. Kxc3 Ba6 27. Qe3 Rc8+ 28. Kd2 Bxd4 29. Qd3 Bxf2 0-1

[Event "Grangemouth op"]
[Site "Grangemouth"]
[Date "2003.09.??"]
[Round "2"]
[White "Shaw, John"]
[Black "Redpath, Joseph"]
[Result "1-0"]
[WhiteElo "2486"]
[BlackElo "2160"]
[PlyCount "37"]
[EventDate "2003.09.??"]
[EventType "swiss"]
[EventRounds "5"]
[EventCountry "SCO"]
[SourceTitle "EXT 2006"]
[Source "ChessBase"]
[SourceDate "2005.11.24"]
[SourceVersion "1"]
[SourceVersionDate "2005.11.24"]
[SourceQuality "1"]

1. e4 d6 2. d4 g6 3. Nc3 Bg7 4. Be3 a6 5. Qd2 b5 6. a4 b4 7. Nce2 a5 8. Ng3 Nf6 9. Bh6 Bxh6 10. Qxh6 Nbd7 11. Nf3 e5 12. Bb5 Ba6 13. Bc6 Ke7 14. dxe5 Nxe5 15. Nxe5 dxe5 16. Rd1 Qf8 17. Qg5 Ke6 18. Rd5 Nxd5 19. exd5+ 1-0

[Event "BCF-ch"]
[Site "Edinburgh"]
[Date "2003.07.22"]
[Round "8"]
[White "Redpath, Joseph"]
[Black "Sowray, Peter John"]
[Result "1/2-1/2"]
[WhiteElo "2194"]
[BlackElo "2346"]
[PlyCount "35"]
[EventDate "2003.07.14"]
[EventType "swiss"]
[EventRounds "11"]
[EventCountry "SCO"]
[SourceTitle "CBM 095 Extra"]
[Source "ChessBase"]
[SourceDate "2003.09.04"]
[SourceVersion "1"]
[SourceVersionDate "2003.09.04"]
[SourceQuality "1"]

1. d4 Nf6 2. Nf3 g6 3. Nc3 d5 4. Bf4 Bg7 5. e3 0-0 6. Be2 c5 7. Ne5 Qa5 8. 0-0 Nc6 9. Qd2 Bf5 10. Rad1 cxd4 11. exd4 Rac8 12. a3 Rfd8 13. Rfe1 Nxe5 14. Bxe5 Qb6 15. Na4 Qc6 16. Nc3 Qb6 17. Na4 Qc6 18. Nc3 1/2-1/2

[Event "BCF-ch"]
[Site "Edinburgh"]
[Date "2003.07.19"]
[Round "6"]
[White "Redpath, Joseph"]
[Black "Ahmed, Sk Nasir"]
[Result "1-0"]
[WhiteElo "2194"]
[BlackElo "2283"]
[PlyCount "105"]
[EventDate "2003.07.14"]
[EventType "swiss"]
[EventRounds "11"]
[EventCountry "SCO"]
[SourceTitle "CBM 095 Extra"]
[Source "ChessBase"]
[SourceDate "2003.09.04"]
[SourceVersion "1"]
[SourceVersionDate "2003.09.04"]
[SourceQuality "1"]

1. d4 Nf6 2. Nf3 e6 3. e3 b6 4. Bd3 Bb7 5. 0-0 c5 6. c4 Be7 7. Nc3 0-0 8. d5 exd5 9. cxd5 d6 10. e4 Nbd7 11. Bf4 Ng4 12. Bg3 Nge5 13. Nxe5 Nxe5 14. Be2 Bh4 15. Bxh4 Qxh4 16. f4 Nd7 17. g3 Qe7 18. Bf3 Ba6 19. Re1 b5 20. Qe2 c4 21. b4 Nb6 22. Rad1 Na4 23. Nxa4 bxa4 24. Qb2 Qc7 25. Qc3 Bb5 26. Rd4 f6 27. Kg2 a5 28. Rb1 Rfc8 29. a3 Ba6 30. b5 Rab8 31. Bg4 Bxb5 32. Bxc8 Qxc8 33. Qxa5 Qc5 34. Qc3 Rb6 35. Rd2 Ba6 36. Rxb6 Qxb6 37. Qd4 Qc7 38. Rc2 Kf7 39. Rc3 Qb8 40. Re3 c3 41. Qxc3 Qb1 42. Qe1 Qb2+ 43. Qf2 Qc1 44. Re1 Qc4 45. Qa7+ Kg6 46. f5+ Kh6 47. Qe3+ g5 48. h4 Qc2+ 49. Qf2 Qxf2+ 50. Kxf2 g4 51. Rc1 Kh5 52. Rc6 Bd3 53. Rxd6 1-0

[Event "SCO-ch"]
[Site "Edinburgh"]
[Date "2003.04.10"]
[Round "6"]
[White "Redpath, Joseph"]
[Black "Spencer, Edwin A"]
[Result "1-0"]
[WhiteElo "2193"]
[BlackElo "2197"]
[PlyCount "71"]
[EventDate "2003.04.05"]
[EventType "swiss"]
[EventRounds "9"]
[EventCountry "SCO"]
[SourceTitle "CBM 093 Extra"]
[Source "ChessBase"]
[SourceDate "2003.05.09"]
[SourceVersion "1"]
[SourceVersionDate "2003.05.09"]
[SourceQuality "1"]

1. d4 f5 2. Nc3 d5 3. e4 dxe4 4. Bf4 Nf6 5. f3 e6 6. fxe4 fxe4 7. Bc4 Bb4 8. Nge2 Nc6 9. 0-0 Bxc3 10. bxc3 Nd5 11. Bc1 Nce7 12. Qe1 Nf5 13. Ng3 e3 14. Ba3 c6 15. Nxf5 exf5 16. Bxd5 cxd5 17. Qxe3+ Kf7 18. Rae1 Re8 19. Qxe8+ Qxe8 20. Rxe8 Kxe8 21. Re1+ Kf7 22. Re7+ Kf6 23. Bd6 b6 24. Rc7 g5 25. Rxh7 a5 26. Be5+ Kg6 27. Rg7+ Kh6 28. Rf7 b5 29. Rf6+ Kh7 30. Rd6 a4 31. Rxd5 Be6 32. Rxb5 Bxa2 33. Rb4 Bc4 34. Rxc4 a3 35. Rc7+ Kg6 36. c4 1-0

[Event "SCO-ch"]
[Site "Edinburgh"]
[Date "2003.04.06"]
[Round "2"]
[White "Redpath, Joseph"]
[Black "McNab, Colin Anderson"]
[Result "1/2-1/2"]
[WhiteElo "2193"]
[BlackElo "2412"]
[PlyCount "48"]
[EventDate "2003.04.05"]
[EventType "swiss"]
[EventRounds "9"]
[EventCountry "SCO"]
[SourceTitle "CBM 093 Extra"]
[Source "ChessBase"]
[SourceDate "2003.05.09"]
[SourceVersion "1"]
[SourceVersionDate "2003.05.09"]
[SourceQuality "1"]

1. d4 d6 2. e4 g6 3. Nc3 Bg7 4. Be3 Nf6 5. Nf3 c6 6. Qd2 Qa5 7. h3 Na6 8. Bd3 Nb4 9. 0-0 Nxd3 10. cxd3 0-0 11. Bh6 Qb6 12. Bxg7 Kxg7 13. Ne2 a5 14. Ng3 a4 15. Rae1 Qa5 16. Qc1 Ng8 17. Kh2 f5 18. d5 cxd5 19. e5 f4 20. Ne2 Qb4 21. a3 Qc5 22. Qd2 Qa5 23. Qc1 Qc5 24. Qd2 Qa5 1/2-1/2

[Event "BCF-chT3 0203 (4NCL)"]
[Site "West Bromwich"]
[Date "2003.03.09"]
[Round "6.1"]
[White "Briscoe, Christopher"]
[Black "Redpath, Joseph"]
[Result "1/2-1/2"]
[WhiteElo "2187"]
[BlackElo "2184"]
[PlyCount "32"]
[EventDate "2002.11.??"]
[EventType "team"]
[EventRounds "11"]
[EventCountry "ENG"]
[SourceTitle "EXT 2004"]
[Source "ChessBase"]
[SourceDate "2003.11.25"]
[SourceVersion "1"]
[SourceVersionDate "2003.11.25"]
[SourceQuality "1"]
[WhiteTeam "Guildford III"]
[BlackTeam "Slough II"]
[WhiteTeamCountry "ENG"]
[BlackTeamCountry "ENG"]

1. e4 d6 2. d4 Nf6 3. Nc3 c6 4. Nf3 Bg4 5. Be2 e6 6. d5 cxd5 7. exd5 e5 8. Qd3 Nbd7 9. Bg5 Be7 10. 0-0-0 0-0 11. Bxf6 Nxf6 12. Kb1 Qd7 13. Qe3 a6 14. h3 Bf5 15. g4 Bg6 16. Nh4 b5 1/2-1/2

[Event "Hawick Major op"]
[Site "Hawick"]
[Date "2003.??.??"]
[Round "3"]
[White "Dawson, Alastair G"]
[Black "Redpath, Joseph"]
[Result "0-1"]
[WhiteElo "1920"]
[BlackElo "2110"]
[PlyCount "56"]
[EventDate "2003.06.??"]
[EventType "swiss"]
[EventRounds "5"]
[EventCountry "SCO"]
[SourceTitle "EXT 2010"]
[Source "ChessBase"]
[SourceDate "2010.11.25"]
[SourceVersion "1"]
[SourceVersionDate "2010.11.25"]
[SourceQuality "1"]

1. e4 d6 2. d4 g6 3. Nc3 Bg7 4. f4 Nf6 5. Nf3 0-0 6. Bd3 Na6 7. Be3 c5 8. d5 Rb8 9. Qd2 Qa5 10. Nb5 Nb4 11. Nc3 b5 12. 0-0 Ng4 13. a3 Nxd3 14. cxd3 Nxe3 15. Qxe3 Bg4 16. e5 Bxf3 17. Rxf3 b4 18. Ne2 bxa3 19. Rxa3 Qc7 20. e6 f5 21. d4 c4 22. Qc1 Rfc8 23. Rh3 Qb7 24. Qe1 Qxb2 25. Rxh7 Kxh7 26. Rh3+ Kg8 27. Qh4 Bxd4+ 28. Nxd4 Qxd4+ 0-1

[Event "BCF-chT3 0203 (4NCL)"]
[Site "West Bromwich"]
[Date "2002.11.10"]
[Round "2.1"]
[White "Redpath, Joseph"]
[Black "Rutter, Nicholas J"]
[Result "1/2-1/2"]
[WhiteElo "2181"]
[BlackElo "2120"]
[PlyCount "27"]
[EventDate "2002.11.??"]
[EventType "team"]
[EventRounds "11"]
[EventCountry "ENG"]
[SourceTitle "EXT 2004"]
[Source "ChessBase"]
[SourceDate "2003.11.25"]
[SourceVersion "1"]
[SourceVersionDate "2003.11.25"]
[SourceQuality "1"]
[WhiteTeam "Slough II"]
[BlackTeam "Wessex II"]
[WhiteTeamCountry "ENG"]
[BlackTeamCountry "ENG"]

1. d4 d5 2. Nf3 c6 3. e3 Nf6 4. c4 e6 5. b3 Nbd7 6. Nbd2 Be7 7. Bd3 c5 8. Bb2 b6 9. 0-0 Bb7 10. Qc2 h6 11. Rad1 Rc8 12. Qb1 Qc7 13. cxd5 Bxd5 14. dxc5 1/2-1/2

[Event "BCF-chT3 0203 (4NCL)"]
[Site "West Bromwich"]
[Date "2002.11.09"]
[Round "1.1"]
[White "Kennaugh, Charles"]
[Black "Redpath, Joseph"]
[Result "1/2-1/2"]
[WhiteElo "2290"]
[BlackElo "2181"]
[PlyCount "42"]
[EventDate "2002.11.??"]
[EventType "team"]
[EventRounds "11"]
[EventCountry "ENG"]
[SourceTitle "EXT 2004"]
[Source "ChessBase"]
[SourceDate "2003.11.25"]
[SourceVersion "1"]
[SourceVersionDate "2003.11.25"]
[SourceQuality "1"]
[WhiteTeam "NW Eagles II"]
[BlackTeam "Slough II"]
[WhiteTeamCountry "ENG"]
[BlackTeamCountry "ENG"]

1. e4 d6 2. Nc3 Nf6 3. d4 c6 4. g3 Nbd7 5. Bg2 e5 6. Nge2 Be7 7. 0-0 b5 8. d5 cxd5 9. Nxd5 Nxd5 10. Qxd5 Rb8 11. Be3 Qc7 12. Rac1 0-0 13. c4 Nf6 14. Qd2 bxc4 15. b3 Ba6 16. Rfd1 Qb7 17. bxc4 Rfc8 18. Nc3 Bxc4 19. Bg5 Be6 20. Bxf6 Bxf6 21. Qxd6 Rd8 1/2-1/2

[Event "Hawick op"]
[Site "Hawick"]
[Date "2002.06.??"]
[Round "2"]
[White "Costello, Colin"]
[Black "Redpath, Joseph"]
[Result "0-1"]
[WhiteElo "2077"]
[BlackElo "2145"]
[PlyCount "60"]
[EventDate "2002.06.23"]
[EventType "swiss"]
[EventRounds "5"]
[EventCountry "SCO"]
[SourceTitle "EXT 2004"]
[Source "ChessBase"]
[SourceDate "2003.11.25"]
[SourceVersion "1"]
[SourceVersionDate "2003.11.25"]
[SourceQuality "1"]

1. c4 b6 2. Nc3 Bb7 3. d4 e6 4. e3 Bb4 5. Bd2 Nf6 6. Nf3 0-0 7. Bd3 d6 8. 0-0 Nbd7 9. a3 Bxc3 10. Bxc3 Ne4 11. Rc1 f5 12. Nd2 Nxc3 13. Rxc3 Qf6 14. f3 c5 15. Nb3 e5 16. d5 Kh8 17. Rc2 Qh6 18. Qe1 Rae8 19. Rcf2 Bc8 20. Nd2 Nf6 21. e4 f4 22. b4 g5 23. bxc5 bxc5 24. g4 Qh3 25. Bc2 Rg8 26. Kh1 h5 27. gxh5 Nxh5 28. Kg1 g4 29. Rg2 gxf3 30. Rxg8+ Rxg8+ 0-1